Sanat - "Tässäkö tää oli?" - Arttu Wiskari - Statistics

Yleistilastot
  • Tätä visaa on pelattu 617 kertaa
  • Keskiarvotulos 124 / 201
Vastaustilastot
Vastaus % Oikein
tää
98%
tässäkö
98%
Tässäkö
98%
oli
97%
lasten
91%
monopoli
91%
ja
90%
nelostielle
90%
se
88%
levii
85%
jää
83%
kuus
80%
kylmä
80%
ostin
80%
me
79%
alkoholiton
78%
jääkaappiin
78%
olut
78%
juomatta
77%
joita
76%
73%
Soliferi
70%
loma
64%
Soliferin
64%
autosta
61%
en
61%
lapset
61%
Lapset
61%
vahakabinetti
59%
ei
58%
on
58%
Visulahden
58%
mauton
57%
meille
57%
teki
57%
toisille
57%
julkkiksii
56%
matkailuauton
56%
meistä
56%
nää
56%
valuu
56%
glykoli
55%
hyvä
55%
kohteena
55%
vaimo
55%
iskä
54%
vaik
54%
vuokrasin
54%
käyttää
53%
täyttää
53%
vieressä
53%
asfaltille
52%
kytkintä
52%
mennään
52%
mitään
52%
ristikoita
52%
nyt
51%
hiljaisuus
50%
mihinkä
50%
eteeni
49%
halvimman
49%
opetella
49%
Vatanen
47%
alkaa
46%
ees
46%
ranne
46%
vesiliirtoon
46%
yritän
46%
haittaa
45%
kipsattuna
45%
nuorisoidoli
45%
saatiin
45%
totaalinen
45%
iltalehden
44%
meitä
44%
olen
44%
rankkasateessa
44%
arvuuttelee
43%
kannen
43%
lomasetti
43%
radiossa
43%
satanen
43%
selvinnyt
43%
Tästä
43%
ympäröi
43%
oon
42%
vauhtia
42%
miettii
41%
siirtoo
41%
näitä
40%
pettymyksii
40%
Pikavipillä
40%
joulu
39%
liikaa
39%
omaa
39%
tuottanut
39%
yllätyksii
39%
jäänyt
38%
kinkuton
38%
meni
38%
mieleen
38%
vuoteenoma
38%
ansaitsee
37%
heille
36%
kuukauden
36%
oisko
36%
sekunti
36%
tiellä
36%
tiiä
36%
mulle
35%
vaikka
35%
pieleen
34%
alle
32%
duunit
32%
nään
32%
vaikenee
31%
nousi
30%
renkaat
29%
koulut
28%
linkussa
28%
meidän
27%
Ehtoja vastaavia visoja ei löytynyt
Tulosjakauma
Jokaisen tuloksen saaneiden osuus
Persentiili vastausten määrän mukaan
Tuloshistoriasi
Et ole pelannut tätä visaa